00646nam a2200193Ia 4500952012900000999001700129003000400146005001700150008004100167020001800208040000900226082001800235100003100253245005100284260005400335300000900389650001200398942004200410 00102ddc40708DRAaMESbMEScENGd2019-02-20g295.00l0o822.09 CHA/Ip36891r2019-02-20 00:00:00w2019-02-20yBKzGR14R1 c14787d14787OSt20201021120519.0190216s9999||||xx |||||||||||||| ||und|| a9788120342897 coclc a822.09bCHA/I aChakraborty, Kaustav95321 0aIndian Drama In English /cKaustav Chakraborty bPHI Learning Private Limited ,c2011.aNew Delhi: a395p aEnglish cBK2ddch822.09iCHA/Ik822.09mCHA/I